Нью-Йорк в кино - Армагеддон - Statistics

General Stats
  • This quiz has been taken 8 times
    7 since last reset
  • The average score is 2 of 23
Answers on the Grid
Answers color-coded by a green-red scale on the quiz's grid according to % correct below.
Таксист (1976)
Ребёнок Розмари (1968)
Эта замечательная жизнь (1946)
Год дракона (1985)
Король комедии (1982)
Охотники за привидениями (1984)
Они живут (1988)
Неоновый демон (2016)
Славные парни (1990)
Полуночный ковбой (1969)
Черепашки-ниндзя (1990)
Ла-Ла Ленд (2016)
Водитель (1978)
День сурка (1993)
Собачий полдень (1975)
Однажды в Америке (1984)
Драйв (2011)
Джокер (2019)
Артист (2011)
Лестница Иакова (1990)
Гленгарри Глен Росс (1992)
Эквилибриум (2002)
Лицо со шрамом (1932)
Одиннадцать друзей Оушэна (1960)
Американский психопат (2000)
Вестсайдская история (1961)
Большой Лебовски (1998)
Рокки (1976)
Реквием по мечте (2000)
Крёстный отец (1972)
Бартон Финк (1991)
Певец джаза (1927)
Разрушитель (1993)
Славные парни (2016)
Лицо со шрамом (1983)
Вестсайдская история (2021)
Налёт на 13-й отдел полиции (1976)
Двенадцать друзей Оушэна (2004)
Черепашки-ниндзя (2014)
Кинг-Конг (1933)
Трамвай "Желание" (1951)
Поле клевера (2008)
Одиннадцать друзей Оушэна (2001)
Воины (1979)
Отрочество (2014)
Джуманджи (1995)
Терминатор 2: Судный день (1991)
Тринадцать друзей Оушэна (2007)
Одержимость (2014)
Чёрный дождь (1989)
 
Answer Stats
Answer % Correct
Таксист (1976)
71%
Охотники за привидениями (1984)
43%
Черепашки-ниндзя (1990)
43%
Кинг-Конг (1933)
29%
Однажды в Америке (1984)
29%
Год дракона (1985)
14%
Черепашки-ниндзя (2014)
14%
Певец джаза (1927)
0%
Вестсайдская история (1961)
0%
Ребёнок Розмари (1968)
0%
Полуночный ковбой (1969)
0%
Крёстный отец (1972)
0%
Собачий полдень (1975)
0%
Воины (1979)
0%
Король комедии (1982)
0%
Чёрный дождь (1989)
0%
Славные парни (1990)
0%
Лестница Иакова (1990)
0%
Американский психопат (2000)
0%
Реквием по мечте (2000)
0%
Поле клевера (2008)
0%
Одержимость (2014)
0%
Вестсайдская история (2021)
0%
No matching quizzes found
Score Distribution
Percent of People with Each Score
Percentile by Number Answered
Your Score History
You have not taken this quiz since the last reset